| 000 | 00000nas 2200000za 4500 |
| 001 | 9.504389 |
| 003 | CaOODSP |
| 005 | 20200331212554 |
| 007 | cr ||||||||||| |
| 008 | 150406d19962002oncqr p o f0 a0eng|d |
| 022 | |a1492-8167 |
| 040 | |aCaOODSP|beng |
| 043 | |an-cn--- |
| 086 | 1 |aH12-38E-PDF|zH12-38E-IN |
| 130 | 0 |aCanadian adverse drug reaction newsletter (Online) |
| 222 | 0|aCanadian adverse drug reaction newsletter |b(Online) |
| 245 | 10|aCanadian adverse drug reaction newsletter |h[electronic resource]. |
| 260 | |a[Ottawa] : |bHealth Canada, |c[1996-2002] |
| 310 | |aQuarterly |
| 362 | 1 |aBegan with : vol. 6, No. 4 (Oct. 1996); ceased with : vol. 12, no. 1 (Jan. 2002). |
| 500 | |aIssued also in French under title: Bulletin canadien sur les effets indésirables des médicaments. |
| 500 | |aElectronic serial in PDF format. |
| 690 | 07|aAdverse effects|2gcpds |
| 690 | 07|aDrugs|2gcpds |
| 710 | 1 |aCanada.|bHealth Canada. |bTherapeutic Products Programme. |
| 775 | 08|tBulletin canadien sur les effets indésirables des médicaments |w(CaOODSP)9.500821 |
| 785 | 00|tCanadian adverse reaction newsletter |w(CaOODSP)9.505060 |